000
00213nam a2200097Ia 4500
008
240331s9999 xx 000 0 und d
082
_b
KAN
100
_a
Kanthi, K
245
0
_a
Nattar valviyalum panpadum
942
_c
L
999
_c
3641
_d
3641